000
00233nam a22000857a 4500
008
160809b xxu||||| |||| 00| 0 eng d
100
_9
75
_a
Mishra P K
245
_a
Numericals in Physics-IX
260
_a
New Delhi
_b
Good Luck Publication
_c
2012
999
_c
2729
_d
2729